000
00470nam a2200181Ia 4500
008
090124s9999 xx 000 0 und d
082
_b
20720
_a
2272
100
_a
चौधरी गणेश
245
_a
तृषार्त
250
_a
1
260
_c
1974
300
_a
180
600
_a
चौधरी गणेश
630
_a
तृषार्त
700
_a
चौधरी गणेश
730
_a
तृषार्त
942
_c
BOOK
999
_c
134522
_d
134522